Flugzeugflotten Teil 24-Condor - Statistiken

Allgemein
  • Dieses Quiz wurde 137 mal gespielt
    58 seit der letzten Aktualisierung
  • Das Durchschnittsergebnis liegt bei 5 aus 6
Antwortstatistiken
Anzahl Flugzeugtyp % Korrekt
11 Airbus A320-200
91%
2 Airbus A320neo
91%
6 Airbus A321neo
84%
13 Airbus A321-200
82%
8 Boeing 757-300
68%
17 Airbus A330-900neo
45%
Keine übereinstimmenden Quizze gefunden
Verteilung der Resultate
Anzahl Personen mit jedem Resultat
Perzentil nach korrekt beantworteten Fragen
Ihre Resultats-Entwicklung
Sie haben dieses Quiz seit der letzten Aktualisierung nicht gespielt